01240cam a22002535a 450000500170000000800410001701000140005802000260007202000230009803500130012103700130013404000080014724500870015524600250024226000490026730000380031650000410035452003780039565000540077365000590082765000370088670000260092371000370094920091228021628.0091222s2010 ii a b 100 0 eng  aENG-95803 a9780198060963c795.00 a0198060963c795.00 aEN-79336 bDBAD/PUB aDPL aArchaeology and text :bthe temple in South Asia /cedited by Himanshu Prabha Ray. aTemple in South Asia aNew Delhi :bOxford University Press,c2010. axvi, 311 p. :bill. ;c23 cm.(Hb) aIncludes bibliographical references. aContributed articles presented at the Shivdasani Conference 2007, Archaeology and Text: the Temple in South Asia held at Danson Room, Trinity College, Oxford University, 201-21 October, 2007 on socio-cultural aspects of Hindu temples, its architecture and sacred spaces per se predominantly studied in context of Indian temples moderated by Oxford Centre for Hindu Studies. aHindu templesxSocial aspectszIndiavCongresses. aHindu architecturexSocial aspectszIndiavCongresses. aSacred spacezIndiavCongresses. aRay, Himanshu Prabha. aOxford Centre for Hindu Studies.